| 000 | 01513nab a22002537a 4500 | ||
|---|---|---|---|
| 999 |
_c6026 _d6026 |
||
| 003 | OSt | ||
| 005 | 20260116194738.0 | ||
| 008 | 190605e xxu||||| |||| 00| 0 spa d | ||
| 040 | _cPJ | ||
| 100 |
_aIglesias, Julián Leonel _96828 |
||
| 245 | 1 | 3 |
_aLa seguridad social, rama autónoma del derecho del trabajo / _cJulián Leonel Iglesias. |
| 260 |
_aCiudad Autónoma de Buenos Aires : _bThomson Reuters La Ley, _c2025. |
||
| 300 | _ap. 213-219 | ||
| 500 | _aCita Online: Cita: TR LALEY AR/DOC/1551/2025. | ||
| 505 | _aSumario: I. Palabras preliminares.— II. Introducción.— III. El modelo tradicional: trabajo formal como puerta de entrada.— IV. Nuevas formas de trabajo, viejas estructuras.— V. Deslaboralizar: un imperativo de inclusión y sostenibilidad.— VI. Objeciones frecuentes y respuestas.— VII. El modelo argentino en búsquedas del desarrollo nacional.— VIII. La seguridad social en Argentina: un modelo centrado en el trabajo formal.— IX. Objeciones y contraargumentos.— X. Conclusiones.— XI. Bibliografía. | ||
| 505 | _t¿Te interesa el texto completo? Solicitalo al correo: koha@justierradelfuego.gov.ar | ||
| 650 | 0 |
_91395 _aSEGURIDAD SOCIAL |
|
| 650 | 0 |
_91408 _aOBRAS SOCIALES |
|
| 650 | 0 |
_91394 _aASIGNACIONES FAMILIARES |
|
| 650 | 0 |
_9614 _aDERECHOS HUMANOS |
|
| 650 | 0 |
_aSISTEMA PREVISIONAL _92153 |
|
| 773 | 0 |
_02711 _93168 _dCiudad Autónoma de Buenos Aires : Thomson Reuters La Ley, 1999-2002. _tRevista de derecho del trabajo. Nº 4 - Julio 2025 |
|
| 942 |
_2udc _cANA |
||